| 000 | 00430cam a2200181ua 4500 | ||
|---|---|---|---|
| 020 | _c1.50 | ||
| 041 |
_amal _h |
||
| 082 |
_a894.8121 _bAVA/MA |
||
| 100 | _aAvara, Vidwan M O . | ||
| 245 |
_aMahahyagi / _cVidwan M O Avara. _hTextual Documents |
||
| 260 |
_a : _bMrs. Lucy Avara Menachery , _c1968. |
||
| 300 | _a64 ; . | ||
| 365 | _a1.50 | ||
| 504 | _a | ||
| 942 | _cBK | ||
| 999 |
_c4834 _d4834 |
||